|
|
|
|
| LEADER |
00000nab a2200000uu 4500 |
| 001 |
vtls011147201 |
| 003 |
SK-MaSNL |
| 005 |
20260303112008.0 |
| 008 |
230121|1976 xo |||||||||||||||||slo| |
| 015 |
|
|
|a SNBRB
|
| 035 |
|
|
|a (urnnbn)urn:nbn:sk:snk:ar-a09v71
|
| 035 |
|
|
|a (uuid)b0a35d8b-5e94-47a4-839c-dda7a29c79cf
|
| 035 |
|
|
|a urn:nbn:sk:snk-abaxle
|
| 040 |
|
|
|a SNKBUCL
|b slo
|c SNKBUCL
|e AACR2
|
| 041 |
0 |
|
|a slo
|
| 044 |
|
|
|a xo
|c SK
|
| 100 |
1 |
|
|a Tarhanič, Ladislav
|4 aut
|9 380193
|
| 245 |
1 |
0 |
|a Čistenie zaolejovaných vôd
|c Ladislav Tarhanič
|
| 773 |
0 |
|
|t Vodohospodársky spravodajca
|g Roč. 19, č. 9 (1976), s. [475]-479
|
| 954 |
|
|
|a odborná, vedecká literatúra pôvodná (slovenská)
|2 lita
|
| 958 |
|
|
|a OND
|
| 958 |
|
|
|a EUIPO
|
| 958 |
|
|
|a article14
|
| 999 |
|
|
|c 1880863
|d 1882793
|